[Event "33. Potsdamer Weihnachtsturnier"]
[Site "Potsdam"]
[Date "2008.12.29"]
[Round "6.1"]
[White "Reichenbach, Werner"]
[Black "Bruedigam, Martin"]
[Result "1/2-1/2"]
[WhiteElo "2285"]
[BlackElo "2227"]
[PlyCount "179"]
[EventDate "2009.??.??"]
[WhiteTeam "Schachclub Schwante"]
[BlackTeam "USV Potsdam e.V., Abt. Schach"]

1. d4 Nf6 2. c4 e6 3. Nf3 d5 4. g3 c6 5. Bg2 Nbd7 6. Qc2 Bd6 7. O-O O-O 8. Bf4
Qc7 9. e3 dxc4 10. Qxc4 e5 11. dxe5 Nxe5 12. Nxe5 Bxe5 13. Nc3 Bxf4 14. exf4
Be6 15. Qc5 Qb6 16. Qxb6 axb6 17. Rfd1 b5 18. a3 Bb3 19. Re1 Rfe8 20. Bf3 Kf8
21. Rac1 Rad8 22. Rxe8+ Kxe8 23. Kg2 Rd2 24. Re1+ Kd7 25. Re2 Rd4 26. Nb1 Kd6
27. Rd2 Kc5 28. Kf1 Rxd2 29. Nxd2 Bc4+ 30. Ke1 Kd4 31. Kd1 Nd5 32. Bg2 f6
33. Nf3+ Kc5 34. Nd2 Bd3 35. Nb3+ Kd6 36. Kd2 Bc4 37. Nd4 Ne7 38. b3 Bf7
39. Kc3 b6 40. Be4 g6 41. h4 Bd5 42. Bd3 Be6 43. Be4 Bd7 44. Bd3 b4+ 45. axb4
Nd5+ 46. Kd2 Nxb4 47. h5 Nxd3 48. hxg6 hxg6 49. Kxd3 c5 50. Nf3 b5 51. Nh4 Be8
52. Nf3 Bf7 53. Kc3 b4+ 54. Kc2 Be6 55. Nd2 Bf5+ 56. Kd1 Kd5 57. Nc4 Kd4
58. Kd2 Be6 59. Na5 Bd5 60. Kc2 Ke4 61. Kd2 Kf3 62. Ke1 Be6 63. Nb7 c4 64. Nc5
cxb3 65. Nd3 Bf5 66. Nb2 Ke4 67. Kd2 Kd4 68. Na4 Bd3 69. Nb2 Bb5 70. Nd1 Bd3
71. Nb2 Be4 72. Na4 b2 73. Nxb2 Bf5 74. Na4 Kc4 75. Nb2+ Kb3 76. Kc1 Bg4
77. Nd3 Kc3 78. Nc5 Bf3 79. Na4+ Kd3 80. Nc5+ Ke2 81. Nd7 Kxf2 82. Nxf6 Kxg3
83. Kb2 Bd1 84. Nd5 b3 85. Ne3 Kxf4 86. Nxd1 Kf3 87. Nc3 g5 88. Nb5 g4 89. Nd4+
Kf2 90. Nf5 1/2-1/2

[Event "33. Potsdamer Weihnachtsturnier"]
[Site "Potsdam"]
[Date "2008.12.29"]
[Round "6.2"]
[White "Schoene, Ralf"]
[Black "Rietze, Clemens"]
[Result "1/2-1/2"]
[WhiteElo "2311"]
[BlackElo "2155"]
[PlyCount "24"]
[EventDate "2009.??.??"]
[WhiteTeam "SV Marzahna 57 e.V."]
[BlackTeam "ESV Lok Falkenberg e.V."]

1. d4 {[%emt 0:00:00]} 1... Nf6 2. c4 g6 3. g3 Bg7 4. Bg2 d5 5. cxd5 Nxd5
6. e4 Nb6 7. Ne2 O-O 8. O-O Nc6 9. d5 Na5 10. Nbc3 c6 11. h3 cxd5 12. exd5 e6
1/2-1/2

[Event "33. Potsdamer Weihnachtsturnier"]
[Site "Potsdam"]
[Date "2008.12.29"]
[Round "6.3"]
[White "Mueller, Hans Georg"]
[Black "Gerlach, Ronny"]
[Result "1-0"]
[WhiteElo "2261"]
[BlackElo "1862"]
[PlyCount "87"]
[EventDate "2009.??.??"]
[WhiteTeam "SF Wadgassen/Differten e.V."]
[BlackTeam "SC Empor Potsdam 1952 e.V."]

1. e4 {[%emt 0:00:00]} 1... c5 2. Nf3 Nc6 3. Bb5 e6 4. O-O Nge7 5. Re1 a6
6. Bxc6 Nxc6 7. Nc3 Be7 8. d4 cxd4 9. Nxd4 O-O 10. Nxc6 dxc6 11. Qg4 f5
12. exf5 exf5 13. Qc4+ Kh8 14. Bf4 Bf6 15. Rad1 Qb6 16. Na4 Qb5 17. Qb3 Qxb3
18. axb3 b5 19. Nb6 Ra7 20. Rd6 Bxb2 21. Rxc6 Bd7 22. Rd6 Bc8 23. c4 Bc3
24. Red1 Bf6 25. Rc6 Bb7 26. Rc7 Bd8 27. Rf7 Re8 28. Nd5 Kg8 29. Rd7 bxc4
30. bxc4 Bf6 31. Nxf6+ gxf6 32. Rc1 Re4 33. Be3 Ra8 34. Rxb7 f4 35. Ba7 Rae8
36. Rb8 Kf7 37. Rxe8 Kxe8 38. f3 Re2 39. Ra1 Re6 40. h3 Rc6 41. c5 Kd7 42. Bb6
Re6 43. Rxa6 Re1+ 44. Kh2 1-0

[Event "33. Potsdamer Weihnachtsturnier"]
[Site "Potsdam"]
[Date "2008.12.29"]
[Round "6.4"]
[White "Gebigke, Martin"]
[Black "Doehn, Raphael"]
[Result "1-0"]
[WhiteElo "2165"]
[BlackElo "2077"]
[PlyCount "41"]
[EventDate "2009.??.??"]
[WhiteTeam "SV Berolina Mitte e.V."]
[BlackTeam "USV TU Dresden"]

1. d4 f5 2. Nf3 Nf6 3. Nc3 d5 4. Bf4 e6 5. e3 Bd6 6. Bd3 O-O 7. Ne2 Ne4 8. O-O
Bd7 9. c4 c6 10. Qb3 Bxf4 11. Nxf4 Qb6 12. Qc2 Na6 13. a3 Rac8 14. Ne5 Qd8
15. f3 Nd6 16. Qb3 g5 17. Ne2 Rc7 18. g4 fxg4 19. fxg4 Nf7 20. Bxh7+ Kxh7
21. Qd3+ 1-0

[Event "33. Potsdamer Weihnachtsturnier"]
[Site "Potsdam"]
[Date "2008.12.29"]
[Round "6.5"]
[White "Lehmann, Stefan"]
[Black "Schirrmacher, Carsten"]
[Result "0-1"]
[WhiteElo "1764"]
[BlackElo "2026"]
[PlyCount "62"]
[EventDate "2009.??.??"]
[WhiteTeam "Zwarte Pion"]
[BlackTeam "SC Zitadelle Spandau 1977 e.V."]

1. e4 e5 2. Nf3 Nc6 3. Bb5 Nf6 4. O-O Nxe4 5. d4 Nd6 6. Bxc6 dxc6 7. dxe5 Nf5
8. Qxd8+ Kxd8 9. Ng5 Ke8 10. Rd1 h6 11. Ne4 Be6 12. b3 Rd8 13. Rxd8+ Kxd8
14. Bb2 Ne7 15. Nc5 Bc8 16. c4 Ng6 17. Ne4 Bf5 18. Nbd2 Bb4 19. a3 Bxd2
20. Nxd2 Ke7 21. Re1 Rd8 22. Nf3 Nf4 23. Nd4 Bh7 24. Rd1 c5 25. Nc6+ bxc6
26. Rxd8 Kxd8 27. g3 Ne2+ 28. Kf1 Nd4 29. b4 Bd3+ 30. Kg2 Bxc4 31. bxc5 Ne6 0-1

[Event "33. Potsdamer Weihnachtsturnier"]
[Site "Potsdam"]
[Date "2008.12.29"]
[Round "6.6"]
[White "Thiele, Jan"]
[Black "Mantau, Jan"]
[Result "0-1"]
[WhiteElo "2039"]
[BlackElo "2234"]
[PlyCount "52"]
[EventDate "2009.??.??"]
[WhiteTeam "USC Magdeburg"]
[BlackTeam "Schachclub Rathenow e.V."]

1. e4 {[%emt 0:00:00]} 1... c5 2. d4 cxd4 3. c3 dxc3 4. Nxc3 Nc6 5. Nf3 e6
6. Bc4 a6 7. O-O b5 8. Bb3 Nge7 9. Qe2 Ng6 10. Rd1 Be7 11. Be3 O-O 12. Rd2 Na5
13. Rad1 Nxb3 14. axb3 Qc7 15. g3 f5 16. exf5 Rxf5 17. Nd4 Rf7 18. Rc2 Qb8
19. f4 Bb7 20. Nf3 Qe8 21. Rcd2 Rc8 22. Rxd7 Bxf3 23. Qxf3 Ne5 24. Qb7 Nxd7
25. Rxd7 Rb8 26. Qa7 Bc5 0-1

[Event "33. Potsdamer Weihnachtsturnier"]
[Site "Potsdam"]
[Date "2008.12.29"]
[Round "6.7"]
[White "Bernhoeft, Erhard"]
[Black "Cusnariov, Nicolai"]
[Result "0-1"]
[WhiteElo "2037"]
[BlackElo "2153"]
[PlyCount "100"]
[EventDate "2009.??.??"]
[WhiteTeam "Potsdamer SV Mitte e.V."]
[BlackTeam "USV Potsdam e.V., Abt. Schach"]

1. Nf3 c5 2. c4 Nf6 3. Nc3 Nc6 4. g3 g6 5. Bg2 Bg7 6. O-O O-O 7. d4 cxd4
8. Nxd4 Qb6 9. Ndb5 a6 10. Na4 Qa5 11. Bd2 Qd8 12. Nbc3 d6 13. Be3 Bf5 14. Nb6
Rb8 15. h3 Nd7 16. Nca4 Nxb6 17. Bxb6 Qd7 18. Kh2 Nb4 19. e4 Be6 20. a3 Nd3
21. Qxd3 Qxa4 22. b3 Qc6 23. Bd4 Bxd4 24. Qxd4 Qc5 25. Rfd1 Rfc8 26. Qb2 b5
27. cxb5 Qxb5 28. b4 a5 29. Bf1 Qa4 30. Rd2 axb4 31. axb4 Qxb4 32. Qxb4 Rxb4
33. Ra7 Kf8 34. f3 Rb3 35. Bg2 h5 36. Rf2 Rbc3 37. f4 Rc2 38. Rxc2 Rxc2 39. Ra5
Bd7 40. Ra8+ Kg7 41. Ra7 Bb5 42. Kg1 e6 43. Ra5 Bc6 44. Ra6 f5 45. Ra7+ Kf6
46. g4 hxg4 47. hxg4 fxg4 48. Ra3 g5 49. fxg5+ Kxg5 50. Rd3 Rxg2+ 0-1

[Event "33. Potsdamer Weihnachtsturnier"]
[Site "Potsdam"]
[Date "2008.12.29"]
[Round "6.8"]
[White "Bundrock, Thomas"]
[Black "Bach, Ulf-Gunter"]
[Result "1-0"]
[WhiteElo "2150"]
[BlackElo "2022"]
[PlyCount "87"]
[EventDate "2009.??.??"]
[WhiteTeam "USC Magdeburg"]
[BlackTeam "TSV Großschoenau"]

1. e4 {[%emt 0:00:00]} 1... e6 2. d3 d5 3. Nd2 f5 4. Qe2 Be7 5. e5 Nh6 6. g3
c5 7. Bg2 Nc6 8. c3 b5 9. f4 Rb8 {(=)} 10. Ngf3 Bd7 11. O-O c4 12. h3 Nf7
13. Ne1 h5 14. Bf3 g6 15. Nc2 Bc5+ 16. Kg2 cxd3 17. Qxd3 g5 18. Nb3 Bb6 19. Re1
g4 20. Bd1 h4 21. hxg4 fxg4 22. Nbd4 hxg3 23. Qxg3 Ke7 24. Bxg4 Qg8 25. Bd2 Nh6
26. Bh3 Nxd4 27. Nxd4 Bxd4 28. cxd4 Qh7 29. Qh4+ Ke8 30. Qh5+ Kd8 31. Rac1 Qg7+
32. Kf1 Nf7 33. Ba5+ Ke8 34. Qg4 Qh7 35. Bg2 Qd3+ 36. Qe2 Qxd4 37. Qe3 Qxb2
38. Re2 d4 39. Rxb2 dxe3 40. Rb3 e2+ 41. Kxe2 Rh2 42. Kf1 b4 43. Rxb4 a6
44. Rxb8+ 1-0

[Event "33. Potsdamer Weihnachtsturnier"]
[Site "Potsdam"]
[Date "2008.12.29"]
[Round "6.9"]
[White "Zimmermann, René"]
[Black "Peschke, Uwe"]
[Result "1/2-1/2"]
[WhiteElo "2007"]
[BlackElo "2124"]
[PlyCount "22"]
[EventDate "2009.??.??"]
[WhiteTeam "SG Gruen-Weiss Dresden"]
[BlackTeam "SC Empor Potsdam 1952 e.V."]

1. d4 {[%emt 0:00:00]} 1... Nf6 2. c4 g6 3. Nc3 d5 4. cxd5 Nxd5 5. e4 Nxc3
6. bxc3 Bg7 7. Bc4 c5 8. Ne2 O-O 9. O-O Nc6 10. Be3 Qc7 11. Rc1 Rd8 1/2-1/2

[Event "33. Potsdamer Weihnachtsturnier"]
[Site "Potsdam"]
[Date "2008.12.29"]
[Round "6.10"]
[White "Schmidt, Joerg"]
[Black "Richter, Hans-Peter"]
[Result "1-0"]
[WhiteElo "2122"]
[BlackElo "1959"]
[PlyCount "59"]
[EventDate "2009.??.??"]
[WhiteTeam "SV Aufbau Bernburg"]
[BlackTeam "SC Empor Potsdam 1952 e.V."]

1. e4 d5 2. exd5 Qxd5 3. Nc3 Qd8 4. d4 g6 5. Nf3 Bg7 6. Be3 Nf6 7. h3 O-O
8. Qd2 c6 9. Bc4 Nbd7 10. Bb3 e6 11. O-O Re8 12. Rad1 Nb6 13. Rfe1 Nbd5 14. Bg5
Qc7 15. Ne4 Nxe4 16. Rxe4 Nf6 17. Re2 b6 18. Bh6 Ba6 19. Bxg7 Kxg7 20. c4 Rad8
21. Qc3 Rd6 22. Ng5 Qd8 23. Qe3 e5 24. dxe5 Rxd1+ 25. Bxd1 Qxd1+ 26. Re1 Ng4
27. Qc3 Qd8 28. e6+ Nf6 29. Nxf7 Bc8 30. Nxd8 1-0

[Event "33. Potsdamer Weihnachtsturnier"]
[Site "Potsdam"]
[Date "2008.12.29"]
[Round "6.11"]
[White "Schrodt, Sebastian"]
[Black "Bindig, Markus"]
[Result "0-1"]
[WhiteElo "2077"]
[BlackElo "1996"]
[PlyCount "122"]
[EventDate "2009.??.??"]
[WhiteTeam "SC Eintracht Berlin e.V."]
[BlackTeam "Muldental Wilkau-Hasslau"]

1. Nf3 Nf6 2. g3 g6 3. Bg2 Bg7 4. O-O d5 5. c4 dxc4 6. Na3 Be6 7. Ne5 c6
8. Naxc4 Nbd7 9. Nxd7 Nxd7 10. d3 O-O 11. Qc2 Nb6 12. Na5 Qd7 13. Bd2 Rfd8
14. Rac1 Rac8 15. Nb3 Na4 16. Na5 Nb6 17. Nb3 Na4 18. Be3 c5 19. Nd2 c4
20. dxc4 Nxb2 21. c5 Bd5 22. Bxd5 Qxd5 23. Rb1 b6 24. Rxb2 Bxb2 25. Qxb2 bxc5
26. Rc1 c4 27. Qc3 Rd7 28. Bf4 f6 29. e4 Qd3 30. Qxd3 Rxd3 31. Rxc4 Rxc4
32. Nxc4 Rd4 33. Nd2 Ra4 34. Kf1 Rxa2 35. Ke2 Kf7 36. Kd3 e5 37. Be3 Ke6
38. Kc4 h5 39. Kb3 Ra1 40. h4 f5 41. exf5+ gxf5 42. Kc4 f4 43. gxf4 exf4
44. Bd4 Rh1 45. Bxa7 Kf5 46. Kd3 Re1 47. Bb6 Re6 48. Bc7 Rc6 49. Ba5 Kg4
50. Ke2 Re6+ 51. Kf1 f3 52. Kg1 Re5 53. Bd8 Re1+ 54. Nf1 Rd1 55. Bg5 Kf5
56. Be7 Ke4 57. Bg5 Kd3 58. Bf4 Ke2 59. Kh2 Rxf1 60. Kg3 Rxf2 61. Kh3 Rg2 0-1

[Event "33. Potsdamer Weihnachtsturnier"]
[Site "Potsdam"]
[Date "2008.12.29"]
[Round "6.12"]
[White "Witt, Ronald"]
[Black "Fuchs, Raimond"]
[Result "1-0"]
[WhiteElo "2076"]
[BlackElo "1914"]
[PlyCount "45"]
[EventDate "2009.??.??"]
[WhiteTeam "Schachfreunde Zehdenick 76 e.V."]
[BlackTeam "SC Zitadelle Spandau 1977 e.V."]

1. e4 c5 2. c3 d5 3. exd5 Qxd5 4. d4 Nf6 5. Nf3 e6 6. Be2 cxd4 7. cxd4 Be7
8. O-O O-O 9. Nc3 Qd6 10. Ne5 Nc6 11. Nb5 Qd8 12. Bf3 Qb6 13. a4 Rd8 14. Nc4
Qa6 15. b3 Nxd4 16. Nc7 Nxf3+ 17. Qxf3 Qc6 18. Qxc6 bxc6 19. Nxa8 Nd5 20. Be3
c5 21. Rfd1 Bd7 22. Rac1 Rxa8 23. Ne5 1-0

[Event "33. Potsdamer Weihnachtsturnier"]
[Site "Potsdam"]
[Date "2008.12.29"]
[Round "6.13"]
[White "Koetz, Andreas"]
[Black "Goepel, Martin"]
[Result "1-0"]
[WhiteElo "2046"]
[BlackElo "1803"]
[PlyCount "109"]
[EventDate "2009.??.??"]
[WhiteTeam "SC Zitadelle Spandau 1977 e.V."]
[BlackTeam "ESV Lok Falkenberg e.V."]

1. d4 Nf6 2. c4 g6 3. Nc3 Bg7 4. e4 d6 5. Nf3 O-O 6. Be2 c5 7. d5 e5 8. O-O h6
9. Ne1 g5 10. Nc2 Nh7 11. Ne3 f5 12. exf5 Bxf5 13. Nxf5 Rxf5 14. Bg4 Rf8
15. Be6+ Kh8 16. Qh5 Nd7 17. h4 Ndf6 18. Qg6 Qe8 19. Qxe8 Rfxe8 20. g3 a6
21. Kg2 g4 22. f4 gxf3+ 23. Rxf3 h5 24. Bg5 Rf8 25. Raf1 Rab8 26. a4 b6 27. Re1
Ra8 28. Ref1 Rab8 29. Bf5 Kg8 30. Ne4 Nxe4 31. Bxe4 Nxg5 32. hxg5 b5 33. Rxf8+
Bxf8 34. axb5 axb5 35. b3 bxc4 36. bxc4 Be7 37. g6 h4 38. Rf7 Bg5 39. gxh4 Bxh4
40. Rd7 Rd8 41. Rh7 Bg5 42. Bf5 Bf6 43. Be6+ Kf8 44. Rf7+ Kg8 45. Rxf6+ Kg7
46. Rf7+ Kxg6 47. Rd7 Rb8 48. Rxd6 Kg5 49. Rc6 e4 50. Rxc5 Rb2+ 51. Kf1 Kf4
52. Rb5 Ra2 53. d6 Ke3 54. Rb3+ Kf4 55. d7 1-0

[Event "33. Potsdamer Weihnachtsturnier"]
[Site "Potsdam"]
[Date "2008.12.29"]
[Round "6.14"]
[White "Rivera Boris, Miguel"]
[Black "Welz, Peter"]
[Result "1/2-1/2"]
[WhiteElo "1948"]
[BlackElo "2205"]
[PlyCount "75"]
[EventDate "2009.??.??"]
[WhiteTeam "Muldental Wilkau-Hasslau"]
[BlackTeam "SV Empor Berlin e.V."]

1. e4 e6 2. d4 d5 3. Nc3 Bb4 4. e5 c5 5. a3 Bxc3+ 6. bxc3 Qc7 7. Nf3 Nc6 8. a4
Qa5 9. Bd2 c4 10. Be2 Bd7 11. Qc1 Nge7 12. O-O O-O 13. h4 f6 14. exf6 Rxf6
15. Bg5 Rf7 16. Bxe7 Rxe7 17. Qa3 Qc7 18. Ne5 Be8 19. Nxc6 bxc6 20. a5 e5
21. Bf3 Bg6 22. Qc5 Rae8 23. Bd1 exd4 24. h5 Bf5 25. cxd4 h6 26. a6 Kh7 27. Rb1
Re1 28. Bf3 Rxb1 29. Rxb1 Bxc2 30. Rf1 Bd3 31. Bxd5 Bxf1 32. Bxc6 Rc8 33. Qf5+
Kh8 34. Be4 g6 35. hxg6 Bd3 36. g7+ Kxg7 37. Qh7+ Kf8 38. Qh8+ 1/2-1/2

[Event "33. Potsdamer Weihnachtsturnier"]
[Site "Potsdam"]
[Date "2008.12.29"]
[Round "6.15"]
[White "Hein, Carsten"]
[Black "Segerberg, Tomas"]
[Result "1-0"]
[WhiteElo "2154"]
[BlackElo "1927"]
[PlyCount "85"]
[EventDate "2009.??.??"]
[WhiteTeam "SC Empor Potsdam 1952 e.V."]
[BlackTeam "SG Narva Berlin e.V."]

1. e4 e6 2. d4 d5 3. Nd2 c5 4. exd5 exd5 5. Ngf3 Nf6 6. dxc5 Bxc5 7. Bb5+ Bd7
8. Qe2+ Be7 9. O-O O-O 10. Bxd7 Nbxd7 11. Nb3 Re8 12. Qd3 Qc7 13. Be3 a5 14. a4
Rac8 15. c3 Nc5 16. Qb5 b6 17. Rfe1 Nfe4 18. Nbd4 Bf6 19. Nf5 g6 20. Nh6+ Kf8
21. Ng4 Bg7 22. Bd4 Nd6 23. Qf1 Nc4 24. Rxe8+ Rxe8 25. Bxg7+ Kxg7 26. Qc1 Qe7
27. Qh6+ Kh8 28. b4 Ne4 29. Ne3 Nxe3 30. Qxe3 axb4 31. Qd4+ f6 32. cxb4 Qd6
33. Rd1 Rd8 34. Nd2 Nxd2 35. Rxd2 Kg7 36. g3 Kf7 37. Rc2 Rd7 38. b5 Qe6 39. Rc6
Qe1+ 40. Kg2 Qa5 41. Qxf6+ Ke8 42. Rc8+ Rd8 43. Rxd8# 1-0

[Event "33. Potsdamer Weihnachtsturnier"]
[Site "Potsdam"]
[Date "2008.12.29"]
[Round "6.16"]
[White "Reinke, Martin"]
[Black "Zschaebitz, Klaus"]
[Result "0-1"]
[WhiteElo "1886"]
[BlackElo "2114"]
[PlyCount "162"]
[EventDate "2009.??.??"]
[WhiteTeam "Verein Segeberger SF"]
[BlackTeam "BSG 1827 Eckbauer e.V."]

1. d4 e6 2. c4 Nf6 3. e3 c5 4. Nf3 b6 5. Nc3 Bb7 6. d5 d6 7. e4 e5 8. Bd3 Be7
9. O-O O-O 10. Ne1 Ne8 11. f4 exf4 12. Bxf4 Bg5 13. Qg4 Bxf4 14. Qxf4 Qe7
15. Nf3 Nd7 16. b3 h6 17. Rae1 {(=)} 17... Ne5 18. Nxe5 Qxe5 19. Qxe5 dxe5
20. Rf5 f6 21. a3 Ba6 22. Rf2 Nd6 23. g4 Kf7 24. Kg2 Ke7 25. Kg3 Rab8 26. a4
Rh8 27. Rg2 h5 28. gxh5 Rxh5 29. Kf3 g5 30. Ke3 Rbh8 31. Ree2 Bc8 32. Ref2 Bh3
33. Rg1 Bd7 34. Rgg2 Rh3+ 35. Kd2 R8h4 36. Kc2 a6 37. Kd2 Be8 38. Re2 Bh5
39. Ref2 Bf3 40. Rg3 Bg4 41. Rgg2 Bh5 42. Kc2 Bg6 43. Re2 Rf3 44. Rg3 Rff4
45. Rge3 Bh5 46. Rd2 Rf3 47. Re1 Rfh3 48. Rh1 Re3 49. Rf1 Bg6 50. Rdf2 Rf4
51. Kd2 Rh3 52. Rxf4 gxf4 53. Rf2 Kf7 54. Kc2 Re3 55. Nd1 Re1 56. Kd2 Rg1
57. Nc3 Ke7 58. Ne2 {(=)} 58... Rg5 59. Nc3 f5 60. exf5 Bxf5 61. Bxf5 Rxf5
62. Kd3 Rh5 63. Kc2 Kf6 64. Ne2 Kg5 65. Rg2+ Kf5 66. Rf2 Kg4 67. Ng1 e4
68. Rg2+ Kf5 69. Rg8 Rxh2+ 70. Kc3 Rh6 71. Ne2 Rh3+ 72. Kc2 f3 73. Rf8+ Ke5
74. Nf4 Rh6 75. Kd2 Nf5 76. Nd3+ exd3 77. Kxd3 Rh1 78. Re8+ Kf4 79. Re4+ Kg3
80. Re5 Kg4 81. Re4+ Kg5 0-1

[Event "33. Potsdamer Weihnachtsturnier"]
[Site "Potsdam"]
[Date "2008.12.29"]
[Round "6.17"]
[White "Lenz, Tobias"]
[Black "Schlueter, Bernd"]
[Result "0-1"]
[WhiteElo "1915"]
[BlackElo "2076"]
[PlyCount "87"]
[EventDate "2009.??.??"]
[WhiteTeam "BSG Pneumant Fuerstenwalde e.V."]
[BlackTeam "SV Rochade Potsdam-West e.V."]

1. d4 Nf6 2. Nf3 g6 3. g3 Bg7 4. Bg2 O-O 5. O-O d6 6. c4 Nc6 7. Nc3 a6 8. b3
Rb8 9. a4 Na5 10. Bb2 c5 11. e3 b6 12. Ra3 Bb7 13. Qc2 Nc6 14. d5 Nb4 15. Qe2
e6 16. e4 exd5 17. exd5 Qd7 18. Qd2 {(=)} 18... Rfe8 19. Raa1 Qf5 20. Ne1 Re7
21. Na2 Nxa2 22. Rxa2 Rbe8 23. Bc3 a5 24. Qd1 Bc8 25. Nd3 Ne4 26. Bxg7 Kxg7
27. Rc2 Qf6 28. Qa1 Bf5 29. Qxf6+ Nxf6 30. Rd1 Nd7 31. Rcd2 Bxd3 32. Rxd3 f5
33. Kf1 g5 34. f4 h6 35. R1d2 Nf6 36. fxg5 hxg5 37. h3 Ne4 38. Bxe4 Rxe4
39. Kf2 Kf6 40. Kf1 f4 41. gxf4 {(=)} 41... gxf4 42. Kf2 Kf5 43. Rc2 Re3
44. Rcd2 0-1

[Event "33. Potsdamer Weihnachtsturnier"]
[Site "Potsdam"]
[Date "2008.12.29"]
[Round "6.18"]
[White "Allgaier, Erik"]
[Black "Brandt, Fred"]
[Result "1/2-1/2"]
[WhiteElo "2048"]
[BlackElo "1917"]
[PlyCount "62"]
[EventDate "2009.??.??"]
[WhiteTeam "BVG Helmholtz"]
[BlackTeam "SV Koenigsjaeger Süd-West e.V."]

1. Nf3 Nf6 2. d4 d5 3. e3 e6 4. Nbd2 Bd6 5. Bd3 Nbd7 6. O-O O-O 7. Re1 c6
8. e4 dxe4 9. Nxe4 Nxe4 10. Rxe4 Be7 11. Qe2 Nf6 12. Rh4 Nd5 13. Bxh7+ Kh8
14. Rh3 e5 15. Bf5+ Kg8 16. Bxc8 Rxc8 17. Qe4 g6 18. dxe5 Re8 19. Be3 Nxe3
20. Qxe3 Bf6 21. Qf4 Bg7 22. Re1 Qd5 23. Qc1 Rcd8 24. c4 Qa5 25. Rh4 Re7
26. Rhe4 Rde8 27. c5 Qxa2 28. Qc2 Bxe5 {(=)} 29. h3 Qd5 30. Nxe5 Rxe5 31. Rxe5
Rxe5 1/2-1/2

[Event "33. Potsdamer Weihnachtsturnier"]
[Site "Potsdam"]
[Date "2008.12.29"]
[Round "6.19"]
[White "Boettcher, Frank"]
[Black "Platzek, Janine"]
[Result "1/2-1/2"]
[WhiteElo "1837"]
[BlackElo "2033"]
[PlyCount "120"]
[EventDate "2009.??.??"]
[WhiteTeam "USV Potsdam e.V., Abt. Schach"]
[BlackTeam "SC Zitadelle Spandau 1977 e.V."]

1. d4 Nf6 2. Nf3 e6 3. c4 d5 4. g3 c5 5. Bg2 Nc6 6. cxd5 {(=)} 6... exd5
7. O-O Bd6 8. Nc3 h6 9. Nb5 Bb8 10. dxc5 Ne4 11. Be3 O-O 12. a3 a6 13. Nbd4 Na5
14. b3 Re8 15. Rc1 Bg4 16. Qd3 Qd7 17. Rfd1 Ba7 18. Nc2 Bxc5 19. b4 Bxe3
20. Nxe3 Nc6 21. Qxd5 Qxd5 22. Rxd5 Be6 23. Rdd1 Rad8 24. Ne1 Ng5 25. h4 Nh7
26. Rxd8 Rxd8 27. Bxc6 bxc6 28. Rxc6 Ra8 29. Nd3 Bd7 30. Rd6 Bb5 31. Kf1 Nf6
32. Nc5 Ne8 33. Rd4 Nc7 34. a4 Be8 35. Nc4 Rb8 36. Nd6 Bc6 37. Nf5 Kh7 38. Ne7
Be8 39. Kg2 f6 40. f3 Bf7 41. Nc6 Re8 42. Kf2 Nd5 43. Ne4 Bg8 44. g4 Rc8 45. b5
axb5 46. axb5 Ra8 47. Rd2 Ra3 48. Rb2 Nb6 49. Nd6 Bd5 50. Ne7 Be6 51. Nc6 Bd5
52. e4 Be6 53. Nd4 Bd7 54. Rb3 Ra2+ 55. Ke3 Ra1 56. Rc3 Re1+ 57. Kd2 Ra1
58. Rc7 Ra4 59. Ke3 Ra3+ 60. Kf4 Ra4 {und nach vielen weiteren Zügen 1/2}
1/2-1/2

[Event "33. Potsdamer Weihnachtsturnier"]
[Site "Potsdam"]
[Date "2008.12.29"]
[Round "6.20"]
[White "Schellknecht, Joerg"]
[Black "Wiezer, Siegfried"]
[Result "0-1"]
[WhiteElo "1813"]
[BlackElo "2030"]
[PlyCount "132"]
[EventDate "2009.??.??"]
[WhiteTeam "SC Caissa Falkensee e.V."]
[BlackTeam "SV Koenigsjaeger Sued-West e.V."]

1. e4 {[%emt 0:00:00]} 1... d6 2. d4 Nf6 3. Bd3 e5 4. d5 Be7 5. c4 Nbd7 6. Nc3
Nc5 7. Bc2 a5 8. Nf3 Bd7 9. Be3 b6 10. h3 O-O 11. a3 Na6 12. O-O Qc8 13. Rc1
Rb8 14. Qe2 Qb7 15. a4 Nb4 16. Bb1 c6 17. b3 Ne8 18. Nd2 cxd5 19. exd5 f5
20. f3 Nf6 21. g4 g6 22. Qg2 Kh8 23. Ne2 Rg8 24. g5 Nh5 25. f4 Qc7 26. h4 Na6
27. Ng3 Nxg3 28. Qxg3 Nc5 29. Kg2 Rbe8 30. Qf3 Kg7 31. Rce1 Kf7 32. Qg3 Bf8
33. Kf2 Bg7 34. Rh1 Re7 35. h5 Ke8 36. hxg6 hxg6 37. Bc2 Kd8 38. Re2 Na6
39. Rhe1 Be8 40. Kf1 Bf7 41. Nb1 Kc8 42. Na3 Kb7 43. Nb5 Qd8 44. Qg1 Rge8
45. Bxb6 Qxb6 46. Qxb6+ Kxb6 47. Nxd6 Rh8 48. Kg2 e4 49. Rh1 Rd8 50. Nb5 Nb4
51. Bd1 Nd3 52. Kg3 Be8 53. Bc2 Nb4 54. Bd1 Bxb5 55. axb5 Rde8 56. Reh2 Kc5
57. Kf2 Bd4+ 58. Ke2 Nd3 59. Rf1 Kb4 60. Kd2 Bc3+ 61. Kc2 Nc5 62. Rh6 Rg8
63. Be2 Nxb3 64. Rb1 a4 65. d6 Rd7 66. Rh3 Rxd6 0-1

[Event "33. Potsdamer Weihnachtsturnier"]
[Site "Potsdam"]
[Date "2008.12.29"]
[Round "6.21"]
[White "Voelz, Stephan"]
[Black "Krusemark, Gerhard"]
[Result "1-0"]
[WhiteElo "2010"]
[BlackElo "1895"]
[PlyCount "55"]
[EventDate "2009.??.??"]
[WhiteTeam "Muldental Wilkau-Hasslau"]
[BlackTeam "TSG Rot-Weiß Fredersdorf/Vogelsd"]

1. d4 Nf6 2. c4 g6 3. Nc3 d5 4. cxd5 Nxd5 5. e4 Nxc3 6. bxc3 Bg7 7. Bc4 O-O
8. Ne2 c5 9. O-O Nc6 10. Be3 Qa5 11. Rb1 a6 12. a4 Rb8 13. Qc2 Bd7 14. Qa2 Nd8
15. Bb3 b5 16. axb5 Qxa2 17. Bxa2 axb5 18. dxc5 Ne6 19. Rfd1 Rfd8 20. f3 Rbc8
21. Bxe6 Bxe6 22. Rxd8+ Rxd8 23. Nd4 Bc4 24. Nxb5 Rd3 25. Kf2 f5 26. c6 Be6
27. c7 Bxc3 28. Rc1 1-0

[Event "33. Potsdamer Weihnachtsturnier"]
[Site "Potsdam"]
[Date "2008.12.29"]
[Round "6.23"]
[White "Bachran, Boris"]
[Black "Nuenchert, Reinhard"]
[Result "1-0"]
[WhiteElo "1960"]
[BlackElo "1890"]
[PlyCount "101"]
[EventDate "2009.??.??"]
[WhiteTeam "SG Lok Brandenburg, Abt. Schach"]
[BlackTeam "USV Potsdam e.V., Abt. Schach"]

1. d4 {[%emt 0:00:00]} 1... e6 2. Nf3 f5 3. Bf4 d6 4. e3 Nf6 5. h3 Be7 6. Bc4
c6 7. c3 O-O 8. Qe2 d5 9. Bd3 Ne4 10. Nbd2 Nd7 11. Ne5 Bf6 12. Ndf3 Nxe5
13. Bxe5 Nd6 14. O-O-O Nf7 15. g4 g6 16. Rdg1 Nxe5 17. dxe5 Bg7 18. gxf5 exf5
19. Nd4 c5 20. Nf3 Qe7 21. c4 dxc4 22. Bxc4+ Be6 23. Ng5 Bxc4 24. Qxc4+ Kh8
25. f4 b5 26. Qe6 Rae8 27. Qxe7 Rxe7 28. h4 Bh6 29. Nf3 Rd8 30. Rd1 Red7
31. Rxd7 Rxd7 32. Rd1 Rxd1+ 33. Kxd1 Bf8 34. Kd2 Be7 35. Kd3 Kg7 36. e4 h6
37. exf5 gxf5 38. h5 Kf7 39. b4 c4+ 40. Kc3 a6 41. Nd4 Bh4 42. Nxf5 Be1+
43. Kd4 Bxb4 44. Nxh6+ Kg7 45. Ng4 Bd2 46. f5 Bc1 47. e6 Bb2+ 48. Kd5 c3
49. Ne3 Bc1 50. h6+ Kxh6 51. e7 1-0

[Event "33. Potsdamer Weihnachtsturnier"]
[Site "Potsdam"]
[Date "2008.12.29"]
[Round "6.24"]
[White "Mueller, Denis"]
[Black "Toth, Hans-Juergen"]
[Result "1-0"]
[WhiteElo "1927"]
[BlackElo "1701"]
[PlyCount "83"]
[EventDate "2009.??.??"]
[WhiteTeam "SF Wadgassen/Differten e.V."]
[BlackTeam "SF Zehdenick"]

1. e4 e6 2. d3 d5 3. Nd2 Nf6 4. Ngf3 Be7 5. g3 c5 6. Bg2 O-O 7. O-O Qc7 8. h4
h6 9. e5 Ng4 10. Re1 Nd7 11. Qe2 b6 12. Nf1 Bb7 13. Bf4 d4 14. N3d2 Bxg2
15. Kxg2 Qb7+ 16. Kg1 h5 17. f3 Nh6 18. Bxh6 gxh6 19. f4 f5 20. exf6 Rxf6
21. Ne4 Rg6 22. Qxh5 Kg7 23. Qf3 Bxh4 24. Kh2 Be7 25. Nfd2 Rf8 26. Nf2 Qxf3
27. Nxf3 Bd6 28. Ne4 Bb8 29. Nh4 Rg4 30. Kh3 h5 31. Nf2 Rxh4+ 32. Kxh4 e5
33. Nh3 Kg6 34. Rf1 Bd6 35. Ng5 exf4 36. Ne6 fxg3 37. Nxf8+ Nxf8 38. Rxf8 Bxf8
39. Kxg3 Bd6+ 40. Kh3 Bf4 41. Rf1 Be3 42. Rf8 1-0